<?xml version="1.0" encoding="UTF-8"?><marc:collection xmlns:marc="http://www.loc.gov/MARC21/slim">
  <marc:record>
    <marc:leader>00000nam##2200000za#4500</marc:leader>
    <marc:controlfield tag="001">9.683188</marc:controlfield>
    <marc:controlfield tag="003">CaOODSP</marc:controlfield>
    <marc:controlfield tag="005">20210615133405</marc:controlfield>
    <marc:controlfield tag="007">ta</marc:controlfield>
    <marc:controlfield tag="008">150407|2005||||xxc|||||     f|0| 0 fre|d</marc:controlfield>
    <marc:datafield tag="020" ind1=" " ind2=" ">
      <marc:subfield code="a">1-55392-737-0</marc:subfield>
    </marc:datafield>
    <marc:datafield tag="040" ind1=" " ind2=" ">
      <marc:subfield code="a">CaOODSP</marc:subfield>
      <marc:subfield code="b">fre</marc:subfield>
    </marc:datafield>
    <marc:datafield tag="043" ind1=" " ind2=" ">
      <marc:subfield code="a">n-cn---</marc:subfield>
    </marc:datafield>
    <marc:datafield tag="086" ind1="1" ind2=" ">
      <marc:subfield code="a">H118-35/2005F</marc:subfield>
    </marc:datafield>
    <marc:datafield tag="110" ind1="1" ind2=" ">
      <marc:subfield code="a">Canada. </marc:subfield>
      <marc:subfield code="b">Institut canadien d'information sur la santé.</marc:subfield>
    </marc:datafield>
    <marc:datafield tag="245" ind1="1" ind2="0">
      <marc:subfield code="a">Répartition géographique des médecins au Canada : </marc:subfield>
      <marc:subfield code="b">au-delà du nombre et du lieu / </marc:subfield>
      <marc:subfield code="c">préparé par: Raymond W. Pong et J. Roger Pitblado. </marc:subfield>
    </marc:datafield>
    <marc:datafield tag="260" ind1=" " ind2=" ">
      <marc:subfield code="a">Ottawa - Ontario : </marc:subfield>
      <marc:subfield code="b">Institut canadien d'information sur la santé </marc:subfield>
      <marc:subfield code="c">2005.</marc:subfield>
    </marc:datafield>
    <marc:datafield tag="300" ind1=" " ind2=" ">
      <marc:subfield code="a">xi, 70, A1, B3, C2, D2, E4, F16, G22p. : </marc:subfield>
      <marc:subfield code="b">figures, cartes (certaines en couleur), références, tableaux ; </marc:subfield>
      <marc:subfield code="c">28 cm.</marc:subfield>
    </marc:datafield>
    <marc:datafield tag="500" ind1=" " ind2=" ">
      <marc:subfield code="a">«Ressources humaines de la santé».--Couverture.</marc:subfield>
    </marc:datafield>
    <marc:datafield tag="520" ind1="3" ind2=" ">
      <marc:subfield code="a">Ce nouveau rapport examine la répartition des médecins au Canada au moyen des données les plus récentes de plusieurs sources. La répartition spatiale des médecins y est décrite plus ou moins en détail. Toutefois, le rapport ne vise pas qu'à présenter des données sur la répartition des médecins par rapport à celle de la population canadienne. Il décrit comment les médecins dans des collectivités dont la taille varie diffèrent relativement à certaines caractéristiques démographiques. Le rapport porte aussi sur la quantité de travail que les médecins effectuent, sur ce qu'ils font et sur les différences urbaines et rurales. Plus particulièrement, il examine les différences entre les milieux urbain et rural dans le champ d'activité des médecins de famille et explore également pourquoi certaines différences sont susceptibles d'engendrer d'importantes conséquences.</marc:subfield>
    </marc:datafield>
    <marc:datafield tag="563" ind1=" " ind2=" ">
      <marc:subfield code="a">Reliure à anneaux</marc:subfield>
    </marc:datafield>
    <marc:datafield tag="590" ind1=" " ind2=" ">
      <marc:subfield code="a">06-03</marc:subfield>
      <marc:subfield code="b">2006-01-20</marc:subfield>
    </marc:datafield>
    <marc:datafield tag="691" ind1="0" ind2="7">
      <marc:subfield code="a">Carte démographique</marc:subfield>
      <marc:subfield code="2">gcpds</marc:subfield>
    </marc:datafield>
    <marc:datafield tag="691" ind1="0" ind2="7">
      <marc:subfield code="a">Soins de santé</marc:subfield>
      <marc:subfield code="2">gcpds</marc:subfield>
    </marc:datafield>
    <marc:datafield tag="720" ind1="1" ind2=" ">
      <marc:subfield code="a">Pong, Raymond W.</marc:subfield>
    </marc:datafield>
    <marc:datafield tag="720" ind1="1" ind2=" ">
      <marc:subfield code="a">Pitblado, J. Roger</marc:subfield>
    </marc:datafield>
    <marc:datafield tag="775" ind1="0" ind2="8">
      <marc:subfield code="t">Geographic distribution of physicians in Canada : </marc:subfield>
      <marc:subfield code="w">(CaOODSP)9.650063</marc:subfield>
    </marc:datafield>
    <marc:datafield tag="776" ind1="0" ind2="#">
      <marc:subfield code="t">Répartition géographique des médecins au Canada : </marc:subfield>
      <marc:subfield code="w">(CaOODSP)9.632516</marc:subfield>
    </marc:datafield>
  </marc:record>
</marc:collection>
